LEADER 00964nam a22002411i 4500 001 991001288389707536 005 20031029151256.0 008 040407s1969 ne |||||||||||||||||fre 035 $ab1274766x-39ule_inst 035 $aARCHE-072730$9ExL 040 $aDip.to Scienze Storiche$bita$cA.t.i. Arché s.c.r.l. Pandora Sicilia s.r.l. 082 04$a070.5094 100 1 $aBolleme, Genevieve$0424377 245 14$aLes almanachs populaires aux 17. et 18. siècles :$bessai d'histoire sociale /$cGenevieve Bolleme 260 $aParis :$bMouton & Co.,$c1969 300 $a147 p. ;$c24 cm 650 4$aAlmanacchi$zFrancia$ySec. 17.-18. 907 $a.b1274766x$b02-04-14$c16-04-04 912 $a991001288389707536 945 $aLE009 STOR.71-32$g1$i2009000089631$lle009$o-$pE0.00$q-$rl$s- $t0$u0$v0$w0$x0$y.i13285567$z16-04-04 996 $aAlmanachs populaires aux 17. et 18. siècles$9266234 997 $aUNISALENTO 998 $ale009$b16-04-04$cm$da $e-$ffre$gne $h4$i1